សៀវភៅ​ហ្វឹកហាត់​គណិតវិទ្យា ថ្នាក់ទី១ / (Record no. 3649)

MARC details
000 -LEADER
fixed length control field 01244nam a22002417a 4500
001 - CONTROL NUMBER
control field 3649
003 - CONTROL NUMBER IDENTIFIER
control field FISKH
005 - DATE AND TIME OF LATEST TRANSACTION
control field 20240402142504.0
008 - FIXED-LENGTH DATA ELEMENTS--GENERAL INFORMATION
fixed length control field 240402b cb ||||| |||| 00| 0 eng d
040 ## - CATALOGING SOURCE
Original cataloging agency FISKH
Language of cataloging khr
Transcribing agency FISKH
Modifying agency FISKH
050 ## - LIBRARY OF CONGRESS CALL NUMBER
Classification number PZ7
082 ## - DEWEY DECIMAL CLASSIFICATION NUMBER
Classification number 512.74
100 ## - MAIN ENTRY--PERSONAL NAME
Personal name Kimsrun, Inn
245 ## - TITLE STATEMENT
Title សៀវភៅ​ហ្វឹកហាត់​គណិតវិទ្យា ថ្នាក់ទី១ /
260 ## - PUBLICATION, DISTRIBUTION, ETC.
Place of publication, distribution, etc. ភ្នំពេញ :
Name of publisher, distributor, etc. គ្រិះស្ថានបោះពុម្ពនិងចែកផ្សាយ,
Date of publication, distribution, etc. 2012.
300 ## - PHYSICAL DESCRIPTION
Extent 102 pages :
Other physical details illustrations ;
Dimensions 21 cm
520 ## - SUMMARY, ETC.
Summary, etc. "ហ្វឹកហាត់​គណិតវិទ្យា​ថ្នាក់ទី១" ជា​សៀវភៅ​ហ្វឹកហាត់​គណិតវិទ្យា​សម្រាប់​កុមារ​ថ្នាក់ទី១ ដើម្បី​ជំនួយ​ការ​ហ្វឹកហាត់​កុមារ​បន្ថែម​នៅ​ផ្ទះ ។
520 ## - SUMMARY, ETC.
Summary, etc. "Math Training 1st Grade" is a math training book for 1st grade children to help train more children at home.
650 ## - SUBJECT ADDED ENTRY--TOPICAL TERM
Topical term or geographic name entry element Math
650 ## - SUBJECT ADDED ENTRY--TOPICAL TERM
Topical term or geographic name entry element គណិត
942 ## - ADDED ENTRY ELEMENTS (KOHA)
Source of classification or shelving scheme Dewey Decimal Classification
Koha item type Khmer Books
Suppress in OPAC No
Holdings
Withdrawn status Lost status Source of classification or shelving scheme Damaged status Not for loan Collection Home library Current library Shelving location Date acquired Total Checkouts Full call number Barcode Date last seen Price effective from Koha item type
    Dewey Decimal Classification     Reference Footprints International School Library Network Toul Kork Campus Footprints International School Library Network Toul Kork Campus TK Old Khmer Books (Rear Hallway Shelf 3) 04/02/2024   KIM 512.74 PZ7 FISTK03527 04/02/2024 04/02/2024 Khmer Books